000 00648nam a2200217Ia 4500
005 20250326144405.0
008 250326s9999 xx 000 0 und d
020 _a978-0-415-43742-4
037 _aTextbook
040 _aFMSL
_beng
_cFMSL
041 _aeng
_2eng
084 _aSNIObX:8 P9
_qFMSL
100 _aHuse Morten
_9749591
245 0 _aValue creating board : Corporate goverce and organizational behaviour
_cHuse Morten
260 _aLondon
_bLondon, Routledge
_c2009
300 _axviii,536
365 _b9702
650 _aOrganization Behaviour
_9748785
942 _cTB
_hSNIObX:8 P9
999 _c1303535
_d1303535